|
|
|
|
| LEADER |
00000nab a2200000 a 4500 |
| 001 |
vtls001562812 |
| 003 |
SK-MaSNL |
| 005 |
20260305021510.0 |
| 008 |
050429c20040826xo drz 0 0slo |
| 015 |
|
|
|a KEVKJB2005
|
| 040 |
|
|
|a KEVKJB
|b slo
|c KEVKJB
|e AACR2
|
| 041 |
0 |
|
|a slo
|
| 044 |
|
|
|a xo
|c SK
|
| 080 |
|
|
|a 725.945
|2 UDC-MRF-SK2
|
| 080 |
|
|
|a 908(437.679)
|2 UDC-MRF-SK2
|
| 100 |
1 |
|
|a Bumbera, Jozef
|4 aut
|9 376164
|
| 245 |
1 |
0 |
|a Zo Štefánikovej sochy zostalo iba torzo šable
|c Jozef Bumbera
|
| 300 |
|
|
|b Fotogr.
|
| 600 |
1 |
7 |
|a Štefánik, Milan Rastislav,
|d 1880-1919
|2 kevkjb
|9 86219
|
| 650 |
0 |
7 |
|a sochy
|2 kevkjb
|9 29846
|
| 650 |
0 |
7 |
|a pamätníky
|2 kevkjb
|9 25601
|
| 651 |
|
7 |
|a Trebišov (Slovensko)
|2 kevkjb
|9 26686
|
| 773 |
0 |
|
|t Košický denník Korzár
|g Roč. VII, č. 198 (26.8.2004), s. 19
|x 1335-4566
|
| 852 |
|
|
|a KEVKJB
|b KIS3GCP
|
| 999 |
|
|
|c 3286421
|d 3288351
|